| 000 | 01087cam a2200289 a 4500 | ||
|---|---|---|---|
| 003 | CO-ViMGA | ||
| 005 | 20230915225022.0 | ||
| 008 | 100125s2012 ck rl 001 0 spa d | ||
| 020 | _a9789586539746 | ||
| 040 |
_aCO-ViMGA _bspa _cCO-ViMGA |
||
| 043 | _as-ck--- | ||
| 082 | 0 | 4 |
_a347.3 _bA77JI1 _215 |
| 100 | 1 |
_aArrubla Paucar, Jaime Alberto _9126 |
|
| 245 | 1 | 0 |
_aContratos mercantiles _bcontratos típicos |
| 250 | _aDecimotercera edición. | ||
| 260 |
_aBogotá ; _aMéxico _bLegis Editores _bPontificia Universidad Javeriana, Facultad de Ciencias Jurídicas _c2012. |
||
| 300 |
_a533 p. _c25 cm. |
||
| 504 | _aIncluye referencias bibliográficas (p. [525]-533) e índice. | ||
| 650 | 1 | 4 |
_aContratos comerciales _xLegislación _zColombia _9127 |
| 650 | 2 | 4 |
_aActos jurídicos _zColombia _9130 |
| 650 | 2 | 4 |
_aContratos de adhesión _zColombia _9133 |
| 650 | 2 | 4 |
_aContratos de agencia comercial _zColombia _9131 |
| 650 | 2 | 4 |
_aContratos de arrendamiento _zColombia _9132 |
| 650 | 2 | 4 |
_aDerecho comercial _zColombia _9129 |
| 650 | 2 | 4 |
_aObligaciones (Derecho) _zColombia _9128 |
| 942 |
_2ddc _cBK |
||
| 999 |
_c11966 _d11966 |
||